000 00243nam a2200097Ia 4500
001 1300098
005 20260420095857.0
008 260420s9999 xx 000 0 und d
245 0 _aKUZU KIVIRCIK
_cNUR KUTLU
260 _bTİMAŞ ÇOCUK YAYINLARI
999 _c1300098
_d1300098